000 00973nam a2200217Ia 4500
999 _c52636
_d52636
001 19660
003 GE_BSU
005 20200315182814.0
008 181216s2017||||ge |||||||||||||| ||geo||
020 _a9789941094859
040 _cGE_BSU
041 _ageo
080 _a398.5(=353.1)(560) შ-67
100 _aშიოშვილი, თინა
_91855
245 _aისტორიული სამხრეთ საქართველოს ზეპირსიტყვიერება II კლარჯული ფოლკლორი = HISTORIAL SOUTH GEORGIAN FOLKLORE II KLARGIAN FOLKLORE /
_c თინა შიოშვილი ; რედ. მამია ფაღავა.
264 _aთბილისი :
_bსეზანი,
_c2017.
300 _a648 გვ. :
_bილ. ;
_c20 სმ.
653 _aფოლკლორი
700 _aფაღავა, მამია
_eრედაქტორი
_97735
942 _cBK
_2udc